La gestión de las fronteras exteriores de la Unión Europea frente a los retos de la migración y la seguridad (Registro nro. 49892)
[ vista simple ]
| 000 -CABECERA | |
|---|---|
| Longitud fija campo de control | 01194naa a2200313 c 4500 |
| 001 - NÚMERO DE CONTROL | |
| Número de control | 49892 |
| 003 - IDENTIFICADOR DE NÚMERO DE CONTROL | |
| Identificador del número de control | ES-MaCES |
| 005 - FECHA Y HORA DE LA ÚLTIMA TRANSACCIÓN | |
| Fecha y hora de la última transacción | 20170904124527.0 |
| 008 - CAMPO FIJO DE DESCRIPCIÓN FIJA--INFORMACIÓN GENERAL | |
| Códigos de información de longitud fija | 170904s2017 sp ||||| t||||||| ||spa d |
| 040 ## - FUENTE DE CATALOGACIÓN | |
| Centro catalogador de origen | ES-MaCES |
| Lengua de catalogación | spa |
| Centro transcriptor | ES-MaCES |
| Centro modificado | ES-MaCES |
| 100 ## - ENCABEZAMIENTO PRINCIPAL--NOMBRE PERSONAL | |
| 9 (RLIN) | 34721 |
| Nombre de persona | Cano Linares, Ángeles |
| 245 13 - MENCIÓN DE TÍTULO | |
| Título | La gestión de las fronteras exteriores de la Unión Europea frente a los retos de la migración y la seguridad |
| Mención de responsabilidad, etc. | Mª Ángeles Cano Linares |
| 500 ## - NOTA GENERAL | |
| Nota general | Resumen |
| 650 #4 - ASIENTO SECUNDARIO DE MATERIA--TÉRMINO DE MATERIA | |
| 9 (RLIN) | 29805 |
| Término de materia o nombre geográfico como elemento inicial | migración internacional |
| 650 #4 - ASIENTO SECUNDARIO DE MATERIA--TÉRMINO DE MATERIA | |
| 9 (RLIN) | 29183 |
| Término de materia o nombre geográfico como elemento inicial | política migratoria |
| 650 #4 - ASIENTO SECUNDARIO DE MATERIA--TÉRMINO DE MATERIA | |
| 9 (RLIN) | 31462 |
| Término de materia o nombre geográfico como elemento inicial | Acuerdo de Schengen |
| 650 #4 - ASIENTO SECUNDARIO DE MATERIA--TÉRMINO DE MATERIA | |
| 9 (RLIN) | 26677 |
| Término de materia o nombre geográfico como elemento inicial | frontera |
| 650 #4 - ASIENTO SECUNDARIO DE MATERIA--TÉRMINO DE MATERIA | |
| 9 (RLIN) | 28783 |
| Término de materia o nombre geográfico como elemento inicial | costa |
| 650 #4 - ASIENTO SECUNDARIO DE MATERIA--TÉRMINO DE MATERIA | |
| 9 (RLIN) | 31101 |
| Término de materia o nombre geográfico como elemento inicial | seguridad ciudadana |
| 650 #4 - ASIENTO SECUNDARIO DE MATERIA--TÉRMINO DE MATERIA | |
| 9 (RLIN) | 30135 |
| Término de materia o nombre geográfico como elemento inicial | guardia de seguridad |
| 650 #4 - ASIENTO SECUNDARIO DE MATERIA--TÉRMINO DE MATERIA | |
| 9 (RLIN) | 30591 |
| Término de materia o nombre geográfico como elemento inicial | estrategia de gestión |
| 650 #4 - ASIENTO SECUNDARIO DE MATERIA--TÉRMINO DE MATERIA | |
| 9 (RLIN) | 29918 |
| Término de materia o nombre geográfico como elemento inicial | mecanismo de control |
| 650 #4 - ASIENTO SECUNDARIO DE MATERIA--TÉRMINO DE MATERIA | |
| 9 (RLIN) | 29866 |
| Término de materia o nombre geográfico como elemento inicial | derecho comunitario |
| 650 #4 - ASIENTO SECUNDARIO DE MATERIA--TÉRMINO DE MATERIA | |
| 9 (RLIN) | 26752 |
| Término de materia o nombre geográfico como elemento inicial | UE |
| 653 10 - TÉRMINO DE INDEXACIÓN--NO CONTROLADO | |
| Término no controlado | Ciencias Sociales-Políticas |
| 773 0# - ENTRADA DE DOCUMENTO FUENTE | |
| Itemnumber del ítem fuente | 86124 |
| Lugar, editor y fecha de publicación | Valladolid Lex Nova |
| Otro identificador del documento | 089022 |
| Título | Revista de derecho migratorio y extranjería |
| Número de control del registro relacionado | (ES-MaCES)26041 |
| Parte(s) relacionada(s) | n. 44 (en.-abr. 2017) {55/1090 R. 089022} ;p. 55-80 |
| 902 ## - CES. TIPO DE DOCUMENTO | |
| Tipodoc (006$c Sirtex) | ART Artículo de revista |
| 942 ## - ELEMENTOS KOHA | |
| Fuente de clasificaión o esquema | Clasificación propia del CES |
| Koha [por defecto] tipo de item | Artículos (1982-2017) |
| Parte de clasificación | Ciencias Sociales Politicas Empresariale |
No hay ítems disponibles.
